<?xml version="1.0" encoding="UTF-8"?>
<collection xmlns="http://www.loc.gov/MARC21/slim">
 <record>
  <leader>01117nam a2200181Ia 4500</leader>
  <controlfield tag="001">CTU_16666</controlfield>
  <controlfield tag="008">210402s9999    xx            000 0 und d</controlfield>
  <datafield tag="082" ind1=" " ind2=" ">
   <subfield code="a">355.02</subfield>
  </datafield>
  <datafield tag="082" ind1=" " ind2=" ">
   <subfield code="b">T454</subfield>
  </datafield>
  <datafield tag="100" ind1=" " ind2=" ">
   <subfield code="a">Tôn Võ</subfield>
  </datafield>
  <datafield tag="245" ind1=" " ind2="0">
   <subfield code="a">Tôn Ngô binh pháp</subfield>
  </datafield>
  <datafield tag="245" ind1=" " ind2="0">
   <subfield code="c">Tôn Võ, Ngô Khởi; Dịch giả: Lê Xuân Mai</subfield>
  </datafield>
  <datafield tag="260" ind1=" " ind2=" ">
   <subfield code="a">Thanh Hóa</subfield>
  </datafield>
  <datafield tag="260" ind1=" " ind2=" ">
   <subfield code="b">Nxb. Thanh Hóa</subfield>
  </datafield>
  <datafield tag="260" ind1=" " ind2=" ">
   <subfield code="c">1996</subfield>
  </datafield>
  <datafield tag="520" ind1=" " ind2=" ">
   <subfield code="a">Sách trình bày về binh pháp của Tôn Võ và Ngô Khởi ở Trung Quốc, còn gọi là Tôn tử binh pháp và Ngô tử binh pháp. Tôn tử xem vấn đề binh bị như là một vấn đề quân sự thuần túy. Trái với Tôn tử, Ngô tử ghép chặt vấn đề binh bị vào vấn đề chính trị. binh pháp của hai nhà kết lại để bổ túc cho nhau mang danh từ chung là &quot;Binh pháp Tôn Ngô&quot;, có thể xem là tinh hoa của binh pháp Trung Quốc</subfield>
  </datafield>
  <datafield tag="650" ind1=" " ind2=" ">
   <subfield code="a">military art and science,war and warfare</subfield>
  </datafield>
  <datafield tag="980" ind1=" " ind2=" ">
   <subfield code="a">Trung tâm Học liệu Trường Đại học Cần Thơ</subfield>
  </datafield>
 </record>
</collection>
